000 00628nam a2200253Ia 4500
003 OSt
005 20221007094853.0
006 a|||||r|||| 00| 0
007 ta
008 221006b |||||||| |||| 00| 0 eng d
024 _a244
037 _cTextual
040 _aLCO
_cLCO
_beng
041 _2eng
_aeng
082 _aZ1,6, N2
100 _aCHESIHRE & NORTH
_9700622
245 0 _aPrivate International Law
250 _a14
260 _aLondon
_bButterworths
_c1992
300 _a936
650 _aINTERNATIONAL LAW
942 _hZ1,6, N2
_cTEXL
999 _c1169807
_d1169807